Atlanta Braves 2025 Roster - Statistics

General Stats
  • This quiz has been taken 84 times
  • The average score is 15 of 31
Answer Stats
Jersey # Answer % Correct
13 Ronald Acuna Jr
97%
1 Ozzie Albies
91%
28 Matt Olson
90%
99 Spencer Strider
88%
27 Austin Riley
87%
23 Michael Harris II
84%
51 Chris Sale
76%
12 Sean Murphy
76%
20 Marcell Ozuna
75%
2 Nick Allen
69%
30 Drake Baldwin
66%
26 Raisel Iglesias
54%
55 Bryce Elder
51%
36 Eli White
51%
52 Dylan Lee
47%
40 Reynaldo Lopez
44%
56 Spencer Schwellenbach
44%
66 Grant Holmes
35%
8 Alex Verdugo
31%
49 Aaron Bummer
29%
67 Nacho Alvarez Jr
29%
32 AJ Smith-Shawver
26%
37 Luke Williams
26%
38 Pierce Johnson
26%
62 Daysbel Hernandez
21%
61 Enyel De Los Santos
21%
17 Stuart Fairchild
19%
77 Joe Jimenez
12%
48 Rafael Montero
12%
63 Scott Blewett
4%
18 Jose Azocar
1%
No matching quizzes found
Score Distribution
Percent of People with Each Score
Percentile by Number Answered
Your Score History
You have not taken this quiz